Orígenes (Record no. 6934)

MARC details
000 -LEADER
campo de control de longitud fija 00720nam a2200229 i 4500
001 - NÚMERO DE CONTROL
campo de control 6934
003 - IDENTIFICADOR DE NÚMERO DE CONTROL
campo de control ES-MaACL
005 - FECHA Y HORA DE LA ÚLTIMA TRANSACCIÓN
campo de control 20250717050002.0
007 - CAMPO FIJO DE DESCRIPCIÓN FÍSICA--INFORMACIÓN GENERAL
campo de control de longitud fija t|
008 - DATOS DE LONGITUD FIJA--INFORMACIÓN GENERAL
campo de control de longitud fija 900712s1989 sp ||||1| spa d
020 ## - NÚMERO INTERNACIONAL ESTÁNDAR DEL LIBRO
Número Internacional Estándar del Libro 84-345-8446-8
080 ## - NÚMERO DE LA CLASIFICACIÓN DECIMAL UNIVERSAL
Número de la Clasificación Decimal Universal 576.15
100 1# - ENTRADA PRINCIPAL--NOMBRE DE PERSONA
Nombre de persona Shapiro, Robert.
9 (RLIN) 106007
245 10 - MENCIÓN DEL TÍTULO
Título Orígenes
Resto del título : lo que sabemos actualmente sobre el origen de la vida /
Mención de responsabilidad, etc. Robert Shapiro.
260 ## - PUBLICACIÓN, DISTRIBUCIÓN, ETC.
Lugar de publicación, distribución, etc. Barcelona :
Nombre del editor, distribuidor, etc. Salvat,
Fecha de publicación, distribución, etc. D.L. 1989.
300 ## - DESCRIPCIÓN FÍSICA
Extensión VII, 305 p. ;
Dimensiones 19 cm.
490 1# - MENCIÓN DE SERIE
Mención de serie Biblioteca científica Salvat ;
Designación de volumen o secuencia 82
650 17 - PUNTO DE ACCESO ADICIONAL DE MATERIA--TÉRMINO DE MATERIA
Término de materia o nombre geográfico como elemento de entrada Biogénesis
Fuente del encabezamiento o término embne
9 (RLIN) 10571
830 0# - PUNTO DE ACCESO ADICIONAL DE SERIE-TÍTULO UNIFORME
Título uniforme Biblioteca científica Salvat ;
Designación de volumen o secuencia 82
9 (RLIN) 177703
852 ## - LOCALIZACIÓN
Ubicación ES-MaACL
Número de control de estantería L-14164
Sublocalización o colección R.117752
Nota libre . - rust.
Holdings
Estatus retirado Estado de pérdida Estado de daño No para préstamo Biblioteca de origen Biblioteca actual Ubicación en estantería Fecha de adquisición Fuente de adquisición Total de préstamos Signatura topográfica completa Código de barras Visto por última vez Precio de reemplazo Tipo de ítem Koha
        Biblioteca del Ateneo de Madrid Biblioteca del Ateneo de Madrid Depósito 2 17/01/2008     L-14164 1007071 23/02/2023 23/02/2023 Libro impreso